01417nam a2200361 a 450000100100000000500170001000800410002704000250006808200180009324500590011126000350017030000360020550400320024159000270027365000440030065000400034465000540038465000650043865000430050370000240054670000260057070000280059670000330062470000240065770000310068170000300071270000250074270000300076771000880079791000370088595201160092299900170103800002547720250207130002.0110217s1987 dr ad 000 0 spa d aDO-SdBNPbspacBNPHU a305.42bM953r03aLa mujer rural dominicana /cFrancis Pou ... [et. al]. aSanto Domingo :bCIPAF,c1987. a241 p. :bil., tabls. ;c21 cm. aBibliografía: p. 233-241. aInventariado, 2018/MFF 0aMujeres en República Dominicana92066 0aMujeres en desarrollo rural 921070 4aMujeres campesinaszRepública Dominicana952105 4aMujereszRepública DominicanaxCondiciones sociales921072 4aMujeres en el desarrollo social9210731 aPou, Francis9521061 aArango, Amparo9521071 aDottin, Milagros9521081 aFernández, Brinella9521091 aGrant, Lidia9521101 aHernández, Pastora925681 aLizardo, Magdalena9386021 aMones, Belkis9521111 aRosado, Altagracia9521122 aCentro de Investigación para la Acción Femenina (República Dominicana)922613 aValidado. Control de calidad EMS 0010718PDaPDbPDcHDd2011-02-17iLF1l0o305.42 M953rp25477-10r2020-06-25w2020-06-25yLFPDZNo se presta c24969d24969